000 00546nam a2200193 a 4500
005 20140311163029.0
008 091109s19uu xx 00 eng d
020 _a139780495553342
050 _aRC 465
_b.C67 2009
100 _aCorey, Gerald
245 _aCase approach to counseling and psychotheraphy /
_cGerald Corey.
260 _aAustralia :
_bThomson Brooks/Cole,
_c2009.
300 _a341 p. :
_bill. ;
_c26 CM.
521 _aPSYCH
650 _aCounseling.
650 _aPsychotheraphy.
942 _cBK
_2lcc
_kFOR
999 _c39605
_d39605